000 00621nam a2200241Ia 4500
003 OSt
005 20220918181816.0
006 a|||||r|||| 00| 0
007 ta
008 220917b |||||||| |||| 00| 0 eng d
024 _a28,683
037 _cTextual
040 _aARTS
_cARTS
_beng
041 _2eng
_aeng
082 _aO111,1NWO,1, k3
100 _aWoodhouse Charles
_959297
245 0 _aGenesis
260 _aLondon
_bMitre Press
_c1963
300 _a104P.
_ccm.
650 _aENGLISH LITERATURE
942 _hO111,1NWO,1, k3
_cTEXL
_2CC
999 _c166909
_d166909